LDR 00650naa#a2200157#i#450# 001 EN\\bibl\19423 005 20260516050842.6 100 ## _a20260515b2026####ek#y0engy0150####ca 102 ## _aRU 200 1# _aTROCHIC CONNECTIONS OF BIRDS OF THE CHRYSOMELIDAE FAMILY (BEETLES) WITH ENGINEERING DEVELOPMENTS OF VORONEZH _eConference article/thesis 210 1# _aVoronezh _cFSBE Institution of Higher Education Voronezh State University of Forestry and Technologies named after G.F. Morozov _d2026 215 ## _a11 с. 608 ## _aConference article/thesis _2local 675 ## _aChrysomelidae. Листоеды. 595.768.12 _z 700 #1 _aKadantsev _gM. M. 856 4# _abibl.vgltu.ru _u